[Event "GER Cup Net V3 U1600"]
[Site "Playchess.com INT"]
[Date "2020.05.27"]
[Round "5"]
[White "Maly, Wolfgang"]
[Black "Elpelt, Frank"]
[Result "1/2-1/2"]
[WhiteElo "1338"]
[BlackElo "1444"]
[PlyCount "88"]
[EventDate "2020.05.27"]
[EventType "swiss (blitz)"]
[EventRounds "9"]
[EventCountry "GER"]
[SourceTitle "EXT 2021"]
[Source "ChessBase"]
[SourceDate "2020.10.23"]
[SourceVersion "1"]
[SourceVersionDate "2020.10.23"]
[SourceQuality "1"]

1. b3 b6 2. Bb2 Bb7 3. e3 Nf6 4. Nf3 g6 5. g3 Bg7 6. Bg2 0-0 7. 0-0 c5 8. d3 Nc6 9. Nbd2 d5 10. Re1 Rc8 11. e4 dxe4 12. dxe4 Nd7 13. Bxg7 Kxg7 14. c4 Nde5 15. Nxe5 Nxe5 16. Nf3 Nxf3+ 17. Bxf3 e5 18. Qxd8 Rfxd8 19. Rad1 Rd4 20. Rxd4 exd4 21. Rd1 Re8 22. Kf1 f5 23. Re1 fxe4 24. Bg4 Kf6 25. Ke2 h5 26. Bh3 g5 27. Bg2 g4 28. Kd2 Kf5 29. f4 gxf3 30. Bxf3 Kg5 31. h4+ Kg6 32. Bg2 Bc6 33. Bh3 Kf6 34. Rf1+ Kg6 35. Bf5+ Kh6 36. Bh3 Kg6 37. Bf5+ Kh6 38. Bh3 Re7 39. Rf6+ Kg7 40. Rxc6 Rf7 41. Ke2 Rf6 42. Rc7+ Rf7 43. Rxf7+ Kxf7 44. Bf5 e3 1/2-1/2

[Event "GER Cup Net V2 U1600"]
[Site "Playchess.com INT"]
[Date "2020.05.22"]
[Round "9"]
[White "Elpelt, Frank"]
[Black "Winkler, Andreas1111"]
[Result "1-0"]
[WhiteElo "1383"]
[BlackElo "1470"]
[PlyCount "67"]
[EventDate "2020.05.22"]
[EventType "swiss (blitz)"]
[EventRounds "9"]
[EventCountry "GER"]
[SourceTitle "EXT 2021"]
[Source "ChessBase"]
[SourceDate "2020.10.23"]
[SourceVersion "1"]
[SourceVersionDate "2020.10.23"]
[SourceQuality "1"]

1. e4 e5 2. Nf3 Nc6 3. Bb5 d6 4. d4 Bd7 5. d5 Nb8 6. Bxd7+ Nxd7 7. 0-0 Ngf6 8. Re1 Be7 9. c4 0-0 10. Nh4 Nc5 11. f3 Nfd7 12. Nf5 Bf6 13. Be3 Bg5 14. Qd2 Bxe3+ 15. Qxe3 Nf6 16. Nc3 Nh5 17. Ne2 Nf4 18. Nxf4 exf4 19. Qd4 f6 20. b4 Nd7 21. Qd2 Ne5 22. Rac1 g5 23. Nd4 Rf7 24. Ne6 Qe7 25. Rc3 b6 26. g3 Nxf3+ 27. Rxf3 h6 28. gxf4 Kh7 29. fxg5 fxg5 30. Ref1 Rxf3 31. Rxf3 Rg8 32. Qf2 Qe8 33. Rf7+ Kh8 34. Qf6+ 1-0

[Event "GER Cup Net V2 U1600"]
[Site "Playchess.com INT"]
[Date "2020.05.22"]
[Round "4"]
[White "Elpelt, Frank"]
[Black "Wolff, Calvin"]
[Result "0-1"]
[WhiteElo "1383"]
[BlackElo "1874"]
[PlyCount "94"]
[EventDate "2020.05.22"]
[EventType "swiss (blitz)"]
[EventRounds "9"]
[EventCountry "GER"]
[SourceTitle "EXT 2021"]
[Source "ChessBase"]
[SourceDate "2020.10.23"]
[SourceVersion "1"]
[SourceVersionDate "2020.10.23"]
[SourceQuality "1"]

1. e4 e5 2. Nf3 Nc6 3. Bb5 a6 4. Bxc6 dxc6 5. 0-0 Be7 6. d4 exd4 7. Qxd4 Qxd4 8. Nxd4 c5 9. Nf5 Bxf5 10. exf5 Nf6 11. Nc3 0-0 12. Bf4 Nh5 13. Bxc7 Rac8 14. Bg3 g6 15. fxg6 fxg6 16. Rae1 Bf6 17. Be5 Bxe5 18. Rxe5 Nf4 19. Rfe1 Nh5 20. Re7 Nf6 21. Rxb7 Ng4 22. f3 Nf6 23. Ree7 Rb8 24. Rg7+ Kh8 25. Rgc7 Rxb7 26. Rxb7 Rd8 27. Rc7 Rd2 28. Rxc5 Rxc2 29. Rc6 Nd5 30. Rxa6 Nxc3 31. bxc3 Rxc3 32. a4 Kg7 33. Kf2 Kf7 34. Ra7+ Kg8 35. Kg3 Rc2 36. a5 h5 37. f4 Rc3+ 38. Kh4 Rc2 39. Kh3 Rc3+ 40. g3 Rc2 41. Ra6 Kf7 42. Ra7+ Ke6 43. Rg7 Kf6 44. Ra7 Ra2 45. a6 Kf5 46. Rf7+ Ke6 47. Rg7 Kf6 0-1

[Event "GER-ch Net Amateur Gr-B Vor3"]
[Site "Playchess.com INT"]
[Date "2020.04.16"]
[Round "3"]
[White "Elpelt, Frank"]
[Black "Eckert, David"]
[Result "0-1"]
[WhiteElo "1445"]
[BlackElo "1644"]
[PlyCount "138"]
[EventDate "2020.04.16"]
[EventType "swiss (blitz)"]
[EventRounds "9"]
[EventCountry "GER"]
[SourceTitle "CBM 195 Extra"]
[Source "ChessBase"]
[SourceDate "2020.05.31"]
[SourceVersion "1"]
[SourceVersionDate "2020.05.31"]
[SourceQuality "1"]

1. c4 e5 2. e3 c5 3. d4 exd4 4. exd4 Nc6 5. d5 Nd4 6. Nf3 Qe7+ 7. Be3 Nf5 8. Qd2 Nxe3 9. Qxe3 Qxe3+ 10. fxe3 d6 11. Bd3 Nh6 12. 0-0 Bf5 13. Bxf5 Nxf5 14. e4 Ne3 15. Rc1 Ng4 16. Nc3 a6 17. b3 g6 18. h3 Nf6 19. e5 Nh5 20. Ne4 Kd7 21. exd6 Bxd6 22. Nxd6 Kxd6 23. Re1 Rhe8 24. Kf2 Nf4 25. Rxe8 Rxe8 26. Kf1 Re7 27. Ng5 h6 28. Nf3 Nd3 29. Rd1 Nb4 30. a3 Nc2 31. Rd2 Nxa3 32. Re2 Rxe2 33. Kxe2 Nc2 34. Nd2 Nd4+ 35. Ke3 b5 36. g4 f5 37. gxf5 Nxf5+ 38. Kf4 Nd4 39. Ke3 a5 40. Kf4 a4 41. bxa4 bxa4 42. Nb1 Nc2 43. Ke4 a3 44. Kd3 a2 45. Kxc2 a1Q 46. Nd2 Qf6 47. Kd3 Qh4 48. Ne4+ Kc7 49. Ke3 Qxh3+ 50. Kf4 Kb6 51. Ke5 Qf5+ 52. Kd6 Qxe4 53. Kd7 Qxc4 54. d6 Qd4 55. Ke7 c4 56. d7 c3 57. d8Q+ Qxd8+ 58. Kxd8 c2 59. Ke7 c1Q 60. Kf6 Qg5+ 61. Kf7 Qf5+ 62. Kg7 g5 63. Kxh6 g4 64. Kg7 g3 65. Kh6 g2 66. Kg7 g1Q+ 67. Kh6 Qfg5+ 68. Kh7 Qg6+ 69. Kh8 Qg7# 0-1

[Event "GER-ch Net Amateur Gr-B Vor3"]
[Site "Playchess.com INT"]
[Date "2020.04.16"]
[Round "2"]
[White "Hermes, Frank"]
[Black "Elpelt, Frank"]
[Result "1-0"]
[WhiteElo "1609"]
[BlackElo "1455"]
[PlyCount "53"]
[EventDate "2020.04.16"]
[EventType "swiss (blitz)"]
[EventRounds "9"]
[EventCountry "GER"]
[SourceTitle "CBM 195 Extra"]
[Source "ChessBase"]
[SourceDate "2020.05.31"]
[SourceVersion "1"]
[SourceVersionDate "2020.05.31"]
[SourceQuality "1"]

1. e4 e6 2. d4 d5 3. Nc3 Nc6 4. Be3 dxe4 5. f3 exf3 6. Nxf3 Nf6 7. Bd3 Bb4 8. 0-0 0-0 9. Kh1 Nd5 10. Bd2 Nxc3 11. bxc3 Bd6 12. Qe2 b6 13. Qe4 g6 14. Qxc6 Bd7 15. Qe4 Rb8 16. Bg5 Be7 17. Qh4 Bxg5 18. Nxg5 h5 19. Qf4 Qe7 20. Ne4 Bc6 21. Nf6+ Kg7 22. Qg5 Bd5 23. Nxh5+ Kh7 24. Qxe7 c5 25. Rxf7+ Rxf7 26. Qxf7+ Kh6 27. Qxg6# 1-0

[Event "GER-ch Net Amateur Gr-B Vor2"]
[Site "Playchess.com INT"]
[Date "2020.04.15"]
[Round "2"]
[White "Fuhrmann, Bahne"]
[Black "Elpelt, Frank"]
[Result "1-0"]
[WhiteElo "1702"]
[BlackElo "1474"]
[PlyCount "59"]
[EventDate "2020.04.15"]
[EventType "swiss (blitz)"]
[EventRounds "9"]
[EventCountry "GER"]
[SourceTitle "CBM 196 Extra"]
[Source "ChessBase"]
[SourceDate "2020.07.31"]
[SourceVersion "1"]
[SourceVersionDate "2020.07.31"]
[SourceQuality "1"]

1. e4 e6 2. d3 c5 3. Nf3 Nc6 4. Nbd2 d5 5. g3 b6 6. Bg2 Bb7 7. 0-0 Nf6 8. e5 Nd7 9. Re1 g6 10. Nf1 Bg7 11. Bf4 0-0 12. h4 Qc7 13. Qe2 Rfe8 14. N1h2 f6 15. exf6 e5 16. f7+ Kxf7 17. Ng5+ Kg8 18. Bxd5+ Kh8 19. Nf7+ Kg8 20. Nxe5+ Kf8 21. Nxg6+ hxg6 22. Bxc7 Rxe2 23. Rxe2 Bxb2 24. Bd6+ Kg7 25. Rae1 Nd4 26. Re7+ Kh6 27. Bf4+ g5 28. Bxg5+ Kg6 29. Bf7+ Kf5 30. g4# 1-0

[Event "GER-ch Net Amateur Gr-B Vor2"]
[Site "Playchess.com INT"]
[Date "2020.04.15"]
[Round "4"]
[White "Neuhoff, Laertes"]
[Black "Elpelt, Frank"]
[Result "1/2-1/2"]
[WhiteElo "1620"]
[BlackElo "1457"]
[PlyCount "133"]
[EventDate "2020.04.15"]
[EventType "swiss (blitz)"]
[EventRounds "9"]
[EventCountry "GER"]
[SourceTitle "CBM 196 Extra"]
[Source "ChessBase"]
[SourceDate "2020.07.31"]
[SourceVersion "1"]
[SourceVersionDate "2020.07.31"]
[SourceQuality "1"]

1. d4 Nf6 2. c4 g6 3. Nf3 d5 4. g3 Bg7 5. Bg2 0-0 6. Nc3 dxc4 7. Ne5 c6 8. Nxc4 Nbd7 9. 0-0 Nb6 10. Nxb6 Qxb6 11. Bg5 h6 12. Bc1 Rd8 13. e3 Bf5 14. Na4 Qc7 15. b3 e5 16. Bb2 exd4 17. exd4 Nd5 18. Nc3 Nxc3 19. Bxc3 Be6 20. Rc1 Bd5 21. Bxd5 Rxd5 22. Qf3 Rad8 23. Rfd1 Bxd4 24. Bxd4 Rxd4 25. Rxd4 Rxd4 26. Qe3 Qd7 27. Re1 Rd1 28. Rxd1 Qxd1+ 29. Kg2 Qd5+ 30. Kg1 Qd7 31. Kg2 Kg7 32. Kg1 h5 33. Kg2 Qe6 34. Qxa7 Qd5+ 35. Kh3 Qf5+ 36. Kg2 Qe4+ 37. Kg1 Qe1+ 38. Kg2 Qe4+ 39. f3 Qe2+ 40. Qf2 Qxf2+ 41. Kxf2 f5 42. Ke3 Kf6 43. f4 Ke6 44. Kd4 Kd6 45. h4 b6 46. a4 Ke6 47. b4 Kd6 48. a5 Kc7 49. Kc4 Kb7 50. Kd4 Ka6 51. axb6 Kxb6 52. Kc4 Kb7 53. Kc5 Kc7 54. Kc4 Kb6 55. Kd4 Kb5 56. Kc3 c5 57. bxc5 Kxc5 58. Kd3 Kd5 59. Ke3 Kc4 60. Kf3 Kd3 61. Kf2 Ke4 62. Ke2 Kd4 63. Kd2 Ke4 64. Ke2 Kd4 65. Kf3 Kd3 66. Kf2 Ke4 67. Ke2 1/2-1/2

[Event "GER-ch Net Amateur Gr-B Vor1"]
[Site "Playchess.com INT"]
[Date "2020.04.14"]
[Round "2"]
[White "Elpelt, Frank"]
[Black "Emig, Nils"]
[Result "1/2-1/2"]
[WhiteElo "1493"]
[BlackElo "1600"]
[PlyCount "126"]
[EventDate "2020.04.14"]
[EventType "swiss (blitz)"]
[EventRounds "9"]
[EventCountry "GER"]
[SourceTitle "EXT 2021"]
[Source "ChessBase"]
[SourceDate "2020.10.23"]
[SourceVersion "1"]
[SourceVersionDate "2020.10.23"]
[SourceQuality "1"]

1. c4 Nf6 2. Nc3 g6 3. d4 Bg7 4. e4 d6 5. f4 0-0 6. Nf3 c5 7. d5 e6 8. Be2 exd5 9. exd5 Re8 10. 0-0 a6 11. Re1 Bg4 12. h3 Bxf3 13. Bxf3 Nbd7 14. Bd2 Qb6 15. b3 Rxe1+ 16. Qxe1 Re8 17. Qf2 Qc7 18. Re1 Qd8 19. Rxe8+ Qxe8 20. Qe3 Kf8 21. Kf2 h5 22. g3 Qxe3+ 23. Kxe3 Ke7 24. Ne4 Nxe4 25. Bxe4 b5 26. Kd3 f5 27. Bf3 Nb6 28. cxb5 axb5 29. Bc3 Bxc3 30. Kxc3 Kf6 31. a3 Ke7 32. Kd3 Kd7 33. Kc3 Kc7 34. Kd3 Nd7 35. Be2 Nf6 36. Bf3 Kb6 37. Kc3 Ka5 38. Bg2 Nd7 39. Bf3 Nb6 40. Bg2 b4+ 41. axb4+ cxb4+ 42. Kd3 Kb5 43. Kd4 Nd7 44. Bf1+ Ka5 45. Kc4 Nc5 46. Bg2 Nd7 47. Bf3 Nb6+ 48. Kd3 Kb5 49. Kd4 Nd7 50. Be2+ Ka5 51. Bc4 Kb6 52. Kd3 Kc5 53. Ke3 Nf6 54. Kd3 Nxd5 55. Kd2 Ne7 56. Bf7 Kd4 57. Be6 Kc5 58. Bf7 d5 59. Kd3 Kd6 60. Kd4 Nc6+ 61. Kd3 Ne7 62. Kd4 Nc6+ 63. Kd3 Ne7 1/2-1/2

[Event "GER-ch Net Amateur Gr-B Vor1"]
[Site "Playchess.com INT"]
[Date "2020.04.14"]
[Round "5"]
[White "Jeute, Peter"]
[Black "Elpelt, Frank"]
[Result "1-0"]
[WhiteElo "1626"]
[BlackElo "1475"]
[PlyCount "111"]
[EventDate "2020.04.14"]
[EventType "swiss (blitz)"]
[EventRounds "9"]
[EventCountry "GER"]
[SourceTitle "EXT 2021"]
[Source "ChessBase"]
[SourceDate "2020.10.23"]
[SourceVersion "1"]
[SourceVersionDate "2020.10.23"]
[SourceQuality "1"]

1. d4 Nf6 2. Nf3 g6 3. e3 Bg7 4. Be2 0-0 5. 0-0 d5 6. c4 c6 7. Nc3 dxc4 8. Bxc4 Bg4 9. Be2 Nd5 10. h3 Be6 11. a3 Nd7 12. Ng5 N7b6 13. Nxe6 fxe6 14. Bg4 e5 15. Nxd5 Nxd5 16. dxe5 Bxe5 17. Qb3 Qb6 18. Be6+ Kg7 19. Bxd5 cxd5 20. Qxd5 Bf6 21. Rb1 Rad8 22. Qe4 Qc7 23. b4 b6 24. Bb2 Qd6 25. Bxf6+ exf6 26. Qf3 Qd3 27. a4 Qc4 28. Rfc1 Qa2 29. Ra1 Qb3 30. Rcb1 Qc4 31. a5 bxa5 32. bxa5 Rf7 33. a6 Qe6 34. Rb7 Rdd7 35. Rxd7 Rxd7 36. Qf4 Qb6 37. Qa4 Rc7 38. Qa5 Qd6 39. Rb1 Qd7 40. Qb5 Qd6 41. Qb8 Qe7 42. Qb5 Qd6 43. Qb8 Qe7 44. Rb7 Rd7 45. Rxd7 Qxd7 46. Qb7 Qxb7 47. axb7 a5 48. b8Q a4 49. Qa7+ Kh6 50. Qxa4 f5 51. Qe8 Kh5 52. Qh8 h6 53. Qf6 f4 54. Qxf4 g5 55. Qf3+ Kh4 56. Qg4# 1-0

[Event "GER-ch Net Amateur Gr-B Vor1"]
[Site "Playchess.com INT"]
[Date "2020.04.14"]
[Round "3"]
[White "Rempe, Jonas"]
[Black "Elpelt, Frank"]
[Result "1-0"]
[WhiteElo "1620"]
[BlackElo "1498"]
[PlyCount "129"]
[EventDate "2020.04.14"]
[EventType "swiss (blitz)"]
[EventRounds "9"]
[EventCountry "GER"]
[SourceTitle "EXT 2021"]
[Source "ChessBase"]
[SourceDate "2020.10.23"]
[SourceVersion "1"]
[SourceVersionDate "2020.10.23"]
[SourceQuality "1"]

1. e4 e6 2. d4 d5 3. exd5 exd5 4. Nf3 c6 5. Bd3 Bd6 6. 0-0 Nf6 7. Re1+ Be7 8. Ne5 0-0 9. Bf4 Nbd7 10. Nd2 Nxe5 11. dxe5 Nd7 12. c4 dxc4 13. Nxc4 Nb6 14. Qc2 h6 15. Rad1 Qc7 16. Qc1 Nxc4 17. Bxc4 Bf5 18. e6 Qb6 19. exf7+ Rxf7 20. Bxf7+ Kxf7 21. Qc4+ Kf8 22. Qc3 Bf6 23. Qa3+ Kf7 24. Qd6 Rd8 25. Qc7+ Qxc7 26. Bxc7 Rxd1 27. Rxd1 Bxb2 28. Bb8 a6 29. g4 Bxg4 30. Rb1 Bd4 31. Rxb7+ Kf6 32. Rb4 c5 33. Rb6+ Be6 34. Rxa6 Kf5 35. Ra4 g5 36. Ba7 Ke5 37. Ra5 Kd5 38. Kg2 Ke4 39. Bxc5 Bxc5 40. Rxc5 Bxa2 41. Rc6 h5 42. Rh6 h4 43. Rg6 Kf4 44. Rf6+ Ke5 45. Ra6 Bd5+ 46. Kh3 Kf4 47. Ra4+ Ke5 48. Ra5 Ke4 49. Rxd5 Kxd5 50. Kg4 Ke4 51. Kxg5 Kf3 52. Kxh4 Kxf2 53. Kg5 Kf3 54. h4 Ke4 55. h5 Ke5 56. h6 Ke6 57. h7 Kf7 58. h8Q Ke6 59. Qd4 Ke7 60. Qd5 Kf8 61. Qe6 Kg7 62. Qf6+ Kg8 63. Qe7 Kh8 64. Kg6 Kg8 65. Qe8# 1-0

[Event "GER-ch Net blitz qual4"]
[Site "Playchess.com INT"]
[Date "2020.03.23"]
[Round "9"]
[White "Elpelt, Frank"]
[Black "Kanbach, Tim Casimir"]
[Result "1-0"]
[WhiteElo "1612"]
[BlackElo "1318"]
[PlyCount "63"]
[EventDate "2020.03.23"]
[EventType "swiss (blitz)"]
[EventRounds "9"]
[EventCountry "GER"]
[SourceTitle "CBM 195 Extra"]
[Source "ChessBase"]
[SourceDate "2020.05.31"]
[SourceVersion "1"]
[SourceVersionDate "2020.05.31"]
[SourceQuality "1"]

1. e4 e5 2. Nf3 Nc6 3. Bb5 Nf6 4. Nc3 Bb4 5. 0-0 d6 6. d3 h6 7. h3 Be6 8. a3 Bxc3 9. bxc3 0-0 10. Re1 Qd7 11. d4 exd4 12. cxd4 a6 13. Ba4 b5 14. Bb3 Bxb3 15. cxb3 Rfe8 16. Bb2 Rxe4 17. Rxe4 Nxe4 18. Qd3 Nf6 19. Re1 Re8 20. Rxe8+ Qxe8 21. Qc2 g6 22. d5 Nxd5 23. Kf1 Qe7 24. Qxc6 Nf4 25. Qc2 Qe8 26. Qd2 g5 27. Qe3 Qxe3 28. fxe3 Nd3 29. Bd4 c5 30. Bf6 Kh7 31. Be7 d5 32. Ke2 1-0

[Event "GER-ch Net blitz qual4"]
[Site "Playchess.com INT"]
[Date "2020.03.23"]
[Round "2"]
[White "Elpelt, Frank"]
[Black "Mueller, Wolfgang2222"]
[Result "1/2-1/2"]
[WhiteElo "1612"]
[BlackElo "1823"]
[PlyCount "92"]
[EventDate "2020.03.23"]
[EventType "swiss (blitz)"]
[EventRounds "9"]
[EventCountry "GER"]
[SourceTitle "CBM 195 Extra"]
[Source "ChessBase"]
[SourceDate "2020.05.31"]
[SourceVersion "1"]
[SourceVersionDate "2020.05.31"]
[SourceQuality "1"]

1. e4 e6 2. d4 d5 3. Nc3 Nf6 4. exd5 exd5 5. Nf3 Bg4 6. h3 Bh5 7. Be2 Nbd7 8. 0-0 c6 9. Re1 Be7 10. Bf4 0-0 11. Ne5 Bxe2 12. Nxe2 Re8 13. Nxd7 Qxd7 14. c3 Bd6 15. Qd2 Ne4 16. Qd3 Re6 17. Bxd6 Qxd6 18. Ng3 Nxg3 19. Qxg3 Qxg3 20. fxg3 Rae8 21. Kf2 Rxe1 22. Rxe1 Rxe1 23. Kxe1 Kf8 24. Ke2 Ke7 25. Kf3 Ke6 26. Kf4 f6 27. g4 g6 28. h4 b6 29. g3 c5 30. b3 cxd4 31. cxd4 h6 32. b4 a5 33. bxa5 bxa5 34. a4 Kd6 35. Ke3 Ke6 36. Kf4 Kf7 37. Ke3 Kg7 38. Kf4 Kh7 39. Ke3 g5 40. h5 Kg7 41. Kf3 Kf7 42. Ke3 Ke6 43. Kf3 f5 44. gxf5+ Kxf5 45. g4+ Kf6 46. Ke3 Ke6 1/2-1/2

[Event "GER-ch Net blitz qual4"]
[Site "Playchess.com INT"]
[Date "2020.03.23"]
[Round "6"]
[White "Elpelt, Frank"]
[Black "Weidenhoefer, Ben"]
[Result "1-0"]
[WhiteElo "1612"]
[BlackElo "1077"]
[PlyCount "63"]
[EventDate "2020.03.23"]
[EventType "swiss (blitz)"]
[EventRounds "9"]
[EventCountry "GER"]
[SourceTitle "CBM 195 Extra"]
[Source "ChessBase"]
[SourceDate "2020.05.31"]
[SourceVersion "1"]
[SourceVersionDate "2020.05.31"]
[SourceQuality "1"]

1. e4 e5 2. Nf3 Nc6 3. Bb5 d6 4. d4 exd4 5. Nxd4 Bd7 6. Nxc6 bxc6 7. Bc4 Be7 8. 0-0 Nf6 9. Nc3 0-0 10. Re1 Bg4 11. f3 Bh5 12. Bf4 d5 13. exd5 Bc5+ 14. Kh1 cxd5 15. Nxd5 Nxd5 16. Qxd5 Qh4 17. Qg5 Qxg5 18. Bxg5 Bf2 19. Re2 Bb6 20. Rae1 Rfd8 21. c3 Rdc8 22. Bf4 Rd8 23. Bg5 Rdc8 24. Re7 h6 25. Bh4 c5 26. Rd7 Bc7 27. Ree7 Bd8 28. Re8+ Kh7 29. Rexd8 Rcb8 30. Rxb8 Rxb8 31. b3 Re8 32. h3 1-0

[Event "GER-ch Net blitz qual2"]
[Site "Playchess.com INT"]
[Date "2020.03.16"]
[Round "1"]
[White "Elpelt, Frank"]
[Black "Dauner, Benedikt"]
[Result "0-1"]
[WhiteElo "1612"]
[BlackElo "2133"]
[PlyCount "106"]
[EventDate "2020.03.16"]
[EventType "swiss (blitz)"]
[EventRounds "9"]
[EventCountry "GER"]
[SourceTitle "CBM 195 Extra"]
[Source "ChessBase"]
[SourceDate "2020.05.31"]
[SourceVersion "1"]
[SourceVersionDate "2020.05.31"]
[SourceQuality "1"]

1. e4 e5 2. Nf3 d5 3. Nxe5 Bd6 4. d4 dxe4 5. Bb5+ c6 6. Bc4 Bxe5 7. dxe5 Qxd1+ 8. Kxd1 Nd7 9. Nc3 Nxe5 10. Bb3 Bf5 11. Re1 Nf6 12. Bg5 Nfg4 13. f4 Nd7 14. h3 Ngf6 15. g4 Nxg4 16. hxg4 Bxg4+ 17. Kd2 f5 18. Ke3 h6 19. Bh4 Nc5 20. Ne2 a5 21. a3 Nxb3 22. cxb3 Rg8 23. Rac1 g5 24. Bg3 Rd8 25. Nd4 c5 26. Ne2 Rd3+ 27. Kf2 Bxe2 28. Rxe2 gxf4 29. Bxf4 Rf3+ 30. Ke1 Rg1+ 31. Kd2 Rxc1 32. Kxc1 Rxf4 33. Kd2 Rf3 34. b4 axb4 35. axb4 cxb4 36. Kc2 Ke7 37. Rd2 b3+ 38. Kd1 Rd3 39. Rxd3 exd3 40. Kd2 h5 41. Kxd3 h4 42. Ke3 h3 43. Kf2 f4 44. Kf3 Kf6 45. Kf2 Kf5 46. Kg1 f3 47. Kh2 f2 48. Kxh3 f1Q+ 49. Kg3 Qf4+ 50. Kh3 Qg4+ 51. Kh2 Kf4 52. Kh1 Kf3 53. Kh2 Qg2# 0-1

[Event "GER-ch Net blitz qual1"]
[Site "Playchess.com INT"]
[Date "2020.03.07"]
[Round "8"]
[White "Bernath, Markus"]
[Black "Elpelt, Frank"]
[Result "0-1"]
[WhiteElo "1542"]
[BlackElo "1612"]
[PlyCount "76"]
[EventDate "2020.03.07"]
[EventType "swiss (blitz)"]
[EventRounds "9"]
[EventCountry "GER"]
[SourceTitle "CBM 195 Extra"]
[Source "ChessBase"]
[SourceDate "2020.05.31"]
[SourceVersion "1"]
[SourceVersionDate "2020.05.31"]
[SourceQuality "1"]

1. e4 e6 2. d4 d5 3. Nc3 c5 4. Nf3 Nc6 5. Bb5 Bd7 6. Bxc6 Bxc6 7. exd5 Bxd5 8. Nxd5 Qxd5 9. c3 Nf6 10. Bg5 Be7 11. 0-0 0-0 12. Ne5 h6 13. Bh4 Rad8 14. Ng4 Qf5 15. Bxf6 Bxf6 16. Nxf6+ Qxf6 17. dxc5 Rxd1 18. Raxd1 Qe5 19. Rd7 Rb8 20. c6 bxc6 21. Rxa7 Rxb2 22. Rd1 Qxc3 23. h3 Qc2 24. Rd8+ Kh7 25. Rxf7 Rxa2 26. Rdd7 Qb2 27. Rxg7+ Qxg7 28. Rxg7+ Kxg7 29. Kh2 c5 30. Kg3 c4 31. Kf4 c3 32. Ke5 c2 33. Kxe6 c1Q 34. Kd5 Qe1 35. f4 Rd2+ 36. Kc5 Qc1+ 37. Kb6 Rb2+ 38. Ka7 Qa1# 0-1